[Event "Oberliga Nord O 1819"]
[Site "Germany"]
[Date "2019.04.07"]
[Round "9.6"]
[White "Mahn, Franko"]
[Black "Wiedersich, Jens"]
[Result "1/2-1/2"]
[WhiteElo "2128"]
[BlackElo "2090"]
[PlyCount "81"]
[EventDate "2018.10.21"]
[EventType "team-tourn"]
[EventRounds "9"]
[EventCountry "GER"]
[SourceTitle "EXT 2020"]
[Source "ChessBase"]
[SourceDate "2019.10.17"]
[SourceVersion "1"]
[SourceVersionDate "2019.10.17"]
[SourceQuality "1"]
[WhiteTeam "Berlin Weisse Dame"]
[BlackTeam "Oberschoeneweide"]
[WhiteTeamCountry "GER"]
[BlackTeamCountry "GER"]

1. c4 Nf6 2. g3 d5 3. cxd5 Nxd5 4. Bg2 g6 5. Nc3 Nxc3 6. bxc3 Bg7 7. Nf3 0-0 8. 0-0 Nd7 9. d4 c6 10. e4 e5 11. Bg5 Qc7 12. Re1 h6 13. Be3 exd4 14. cxd4 Nf6 15. Bf4 Qa5 16. Qc2 Qh5 17. Rab1 Rd8 18. Qc3 g5 19. Be5 Qg6 20. Nd2 Nd7 21. Bxg7 Qxg7 22. Nb3 Nf8 23. a4 Be6 24. Red1 Bxb3 25. Qxb3 Ne6 26. d5 cxd5 27. exd5 Nc5 28. Qb5 b6 29. a5 Rd6 30. Re1 Qf6 31. Ra1 Rc8 32. axb6 axb6 33. Ra7 Rf8 34. Qc4 Qf5 35. Re3 Rf6 36. Rf3 Qb1+ 37. Qf1 Qxf1+ 38. Kxf1 Kg7 39. Re3 Rd8 40. Ke2 Rb8 41. Ree7 1/2-1/2

[Event "Oberliga Nord O 1819"]
[Site "Germany"]
[Date "2019.02.24"]
[Round "7.8"]
[White "Mahn, Franko"]
[Black "Kuersten, Ruediger"]
[Result "1-0"]
[WhiteElo "2128"]
[BlackElo "2193"]
[PlyCount "73"]
[EventDate "2018.10.21"]
[EventType "team-tourn"]
[EventRounds "9"]
[EventCountry "GER"]
[SourceTitle "EXT 2020"]
[Source "ChessBase"]
[SourceDate "2019.10.17"]
[SourceVersion "1"]
[SourceVersionDate "2019.10.17"]
[SourceQuality "1"]
[WhiteTeam "Berlin Weisse Dame"]
[BlackTeam "Greifswald"]
[WhiteTeamCountry "GER"]
[BlackTeamCountry "GER"]

1. c4 e5 2. Nc3 Nf6 3. Nf3 Nc6 4. g3 Bb4 5. Bg2 0-0 6. 0-0 Re8 7. d3 Bxc3 8. bxc3 e4 9. Ng5 exd3 10. exd3 d5 11. cxd5 Nxd5 12. Qh5 h6 13. Qxf7+ Kh8 14. Bxd5 Ne5 15. Qh5 Bg4 16. Qxg4 Qxd5 17. Qe4 Qg8 18. Nf3 Nc6 19. Qc4 Qh7 20. Bf4 Rad8 21. Rfe1 Rf8 22. Re3 Qf5 23. Rf1 Qh5 24. Kg2 Rd7 25. Ne5 Nxe5 26. Rxe5 Qg4 27. Qe4 Qg6 28. Re6 Qh5 29. d4 c6 30. Re1 Rdf7 31. Re8 Rxe8 32. Qxe8+ Kh7 33. Qe4+ Kg8 34. Qe6 Qb5 35. Qb3 Qf5 36. Re7 g5 37. Qxf7+ 1-0

[Event "Oberliga Nord O 1819"]
[Site "Germany"]
[Date "2018.11.11"]
[Round "2.7"]
[White "Mahn, Franko"]
[Black "Ellers, Holger"]
[Result "1-0"]
[WhiteElo "2128"]
[BlackElo "2362"]
[PlyCount "85"]
[EventDate "2018.10.21"]
[EventType "team-tourn"]
[EventRounds "9"]
[EventCountry "GER"]
[SourceTitle "EXT 2020"]
[Source "ChessBase"]
[SourceDate "2019.10.17"]
[SourceVersion "1"]
[SourceVersionDate "2019.10.17"]
[SourceQuality "1"]
[WhiteTeam "Berlin Weisse Dame"]
[BlackTeam "Kreuzberg"]
[WhiteTeamCountry "GER"]
[BlackTeamCountry "GER"]

1. c4 b6 2. Nc3 Bb7 3. e4 c5 4. g3 Nc6 5. Bg2 g6 6. Nge2 Bg7 7. d3 d6 8. Be3 Nf6 9. h3 e6 10. Qd2 0-0 11. 0-0 Qd7 12. Rad1 d5 13. exd5 exd5 14. d4 cxd4 15. Nxd4 Ne5 16. cxd5 Nxd5 17. Nxd5 Bxd5 18. Nf3 Bxf3 19. Qxd7 Bxg2 20. Qc7 Rfc8 21. Qxc8+ Rxc8 22. Kxg2 Nc4 23. b3 Nxe3+ 24. fxe3 Rc7 25. Rd8+ Bf8 26. Rfd1 Kg7 27. R8d7 Rc2+ 28. R1d2 Rxd2+ 29. Rxd2 Bc5 30. Kf3 Kf6 31. Rd7 a5 32. g4 h5 33. gxh5 gxh5 34. Rd5 Kg6 35. Kf4 Be7 36. Rd7 Bc5 37. Rb7 Kf6 38. Rd7 Kg6 39. Rd2 Ba3 40. Rg2+ Kf6 41. Rg8 Bb4 42. Ke4 Bc5 43. h4 1-0

[Event "Oberliga Nord O 1516"]
[Site "Germany"]
[Date "2016.04.10"]
[Round "9.4"]
[White "Mahn, Franko"]
[Black "Niehaus, Frank"]
[Result "1/2-1/2"]
[WhiteElo "2152"]
[BlackElo "2216"]
[PlyCount "148"]
[EventDate "2015.09.20"]
[EventType "team-tourn"]
[EventRounds "9"]
[EventCountry "GER"]
[SourceTitle "EXT 2017"]
[Source "ChessBase"]
[SourceDate "2016.10.25"]
[SourceVersion "1"]
[SourceVersionDate "2016.10.25"]
[SourceQuality "1"]
[WhiteTeam "Weisse Dame"]
[BlackTeam "Koenig Tegel"]
[WhiteTeamCountry "GER"]
[BlackTeamCountry "GER"]

1. c4 f5 2. g3 Nf6 3. Bg2 e6 4. Nf3 c6 5. 0-0 d5 6. d4 Bd6 7. b3 Qe7 8. Bb2 0-0 9. Nbd2 b6 10. Ne5 Ne4 11. Nxe4 fxe4 12. f3 Bxe5 13. dxe5 exf3 14. Bxf3 Bb7 15. a4 Nd7 16. cxd5 exd5 17. Ba3 Qxe5 18. Bxf8 Rxf8 19. a5 Nf6 20. axb6 axb6 21. Qd3 c5 22. Ra7 Bc8 23. Ra8 Be6 24. Rxf8+ Kxf8 25. Bg2 Kg8 26. Qb5 Qd6 27. Ra1 h5 28. Ra8+ Kf7 29. Ra7+ Kg6 30. Qd3+ Bf5 31. Qe3 d4 32. Qe7 Qxe7 33. Rxe7 Bc2 34. Rb7 Bxb3 35. Rxb6 c4 36. Be4+ Kf7 37. Bf5 Ke7 38. Re6+ Kf7 39. Rb6 Ke7 40. Kf1 Nd5 41. Rb7+ Kf6 42. Be4 Ne3+ 43. Ke1 Ba4 44. Rc7 c3 45. Rc5 g5 46. h4 gxh4 47. gxh4 Be8 48. Kf2 Ke6 49. Ke1 Kd6 50. Rc8 Bf7 51. Rc6+ Ke5 52. Bd3 Ng2+ 53. Kd1 Nxh4 54. Kc2 Ng2 55. Rc5+ Kd6 56. Rc8 Ke5 57. Rc5+ Kd6 58. Rc8 Ne3+ 59. Kc1 Ke5 60. Rf8 Be6 61. Rh8 Bf7 62. Rh7 Kf6 63. Rh8 Ng2 64. Rd8 Ke5 65. Rd7 Be6 66. Rh7 Bg4 67. Re7+ Kf6 68. Re4 Kg5 69. Rxd4 h4 70. e4 h3 71. Bf1 Nf4 72. Bxh3 Bxh3 73. Kc2 Bg4 74. Kxc3 Ne2+ 1/2-1/2

[Event "Oberliga Nord O 1516"]
[Site "Germany"]
[Date "2016.03.13"]
[Round "8.4"]
[White "Schoene, Ralf"]
[Black "Mahn, Franko"]
[Result "1/2-1/2"]
[WhiteElo "2284"]
[BlackElo "2152"]
[PlyCount "33"]
[EventDate "2015.09.20"]
[EventType "team-tourn"]
[EventRounds "9"]
[EventCountry "GER"]
[SourceTitle "EXT 2017"]
[Source "ChessBase"]
[SourceDate "2016.10.25"]
[SourceVersion "1"]
[SourceVersionDate "2016.10.25"]
[SourceQuality "1"]
[WhiteTeam "Neuruppin"]
[BlackTeam "Weisse Dame"]
[WhiteTeamCountry "GER"]
[BlackTeamCountry "GER"]

1. d4 Nf6 2. c4 c5 3. d5 b5 4. Nf3 g6 5. Nbd2 Qa5 6. Qc2 bxc4 7. e4 Ba6 8. Bxc4 Bxc4 9. Qxc4 d6 10. 0-0 Bg7 11. Qc2 Nbd7 12. Nc4 Qa6 13. Bf4 0-0 14. a4 Rab8 15. Rab1 Nb6 16. Nxb6 Rxb6 17. Bd2 1/2-1/2

[Event "Oberliga Nord O 1516"]
[Site "Germany"]
[Date "2016.01.31"]
[Round "6.4"]
[White "Woll, Wilfried"]
[Black "Mahn, Franko"]
[Result "1/2-1/2"]
[WhiteElo "2108"]
[BlackElo "2152"]
[PlyCount "25"]
[EventDate "2015.09.20"]
[EventType "team-tourn"]
[EventRounds "9"]
[EventCountry "GER"]
[SourceTitle "EXT 2017"]
[Source "ChessBase"]
[SourceDate "2016.10.25"]
[SourceVersion "1"]
[SourceVersionDate "2016.10.25"]
[SourceQuality "1"]
[WhiteTeam "Greifswald"]
[BlackTeam "Weisse Dame"]
[WhiteTeamCountry "GER"]
[BlackTeamCountry "GER"]

1. c4 e5 2. g3 Nf6 3. Bg2 d5 4. cxd5 Nxd5 5. Nc3 Nb6 6. Nf3 Nc6 7. d3 Be7 8. 0-0 Be6 9. Be3 0-0 10. Re1 f6 11. d4 exd4 12. Bxd4 Qc8 13. Bxb6 1/2-1/2

[Event "Oberliga Nord O 1516"]
[Site "Germany"]
[Date "2015.09.20"]
[Round "1.4"]
[White "Stiemerling, Wilfried"]
[Black "Mahn, Franko"]
[Result "1-0"]
[WhiteElo "2123"]
[BlackElo "2152"]
[PlyCount "91"]
[EventDate "2015.09.20"]
[EventType "team-tourn"]
[EventRounds "9"]
[EventCountry "GER"]
[SourceTitle "CBM 170 Extra"]
[Source "ChessBase"]
[SourceDate "2016.02.25"]
[SourceVersion "1"]
[SourceVersionDate "2016.02.25"]
[SourceQuality "1"]
[WhiteTeam "Fuerstenwalde"]
[BlackTeam "Weisse Dame"]
[WhiteTeamCountry "GER"]
[BlackTeamCountry "GER"]

1. d4 e6 2. c4 f5 3. Nc3 Nf6 4. Bg5 Be7 5. e3 0-0 6. Bd3 b6 7. Nge2 Bb7 8. 0-0 h6 9. Bh4 Nh5 10. Bxe7 Qxe7 11. Ng3 Nxg3 12. hxg3 Nc6 13. Be2 Qf6 14. Bf3 Kh8 15. b4 g5 16. b5 Na5 17. Bxb7 Nxb7 18. f3 Qe7 19. Rb1 Qd6 20. f4 Rg8 21. Qh5 Kh7 22. Ne2 Qe7 23. Kf2 Nd6 24. Rh1 Ne4+ 25. Kg1 Qf6 26. fxg5 Rxg5 27. Qh4 a6 28. Qf4 d6 29. Rf1 axb5 30. Qxe4 Rxa2 31. Qf3 b4 32. Rb1 c5 33. Rh4 Rg7 34. Nf4 Rga7 35. Kh2 R2a3 36. Qc6 Rxe3 37. dxc5 bxc5 38. Nh5 Qg6 39. Qxd6 f4 40. Qxf4 Raa3 41. Rd1 e5 42. Rd7+ Kg8 43. Rd8+ Kh7 44. Nf6+ Kg7 45. Nh5+ Kh7 46. Qf8 1-0

[Event "Berlin Lichtenberger op 14th"]
[Site "Berlin"]
[Date "2015.08.19"]
[Round "5"]
[White "Jaeger, Andre"]
[Black "Mahn, Franko"]
[Result "1/2-1/2"]
[WhiteElo "1942"]
[BlackElo "2169"]
[PlyCount "59"]
[EventDate "2015.08.15"]
[EventType "swiss"]
[EventRounds "9"]
[EventCountry "GER"]
[SourceTitle "EXT 2016"]
[Source "ChessBase"]
[SourceDate "2015.10.08"]
[SourceVersion "1"]
[SourceVersionDate "2015.10.08"]
[SourceQuality "1"]

1. d4 g6 2. c4 Bg7 3. e4 d6 4. Nc3 Nd7 5. Nf3 Ngf6 6. Be2 0-0 7. 0-0 e5 8. Re1 Re8 9. dxe5 dxe5 10. Be3 c6 11. Nd2 Qe7 12. Rb1 Nf8 13. b4 Ne6 14. c5 Rd8 15. Qc1 Nd4 16. f3 Be6 17. Nc4 Ne8 18. Bf1 Rd7 19. Qb2 Rad8 20. Qf2 Bf6 21. Rbc1 Nc7 22. Nd6 Ne8 23. Nc4 Qf8 24. g3 Qe7 25. Kg2 Nc7 26. Nd6 Ne8 27. Nc4 Ng7 28. Nd6 Ne8 29. Nc4 Nc7 30. Nd6 1/2-1/2

[Event "Berlin Lichtenberger op 14th"]
[Site "Berlin"]
[Date "2015.08.15"]
[Round "1"]
[White "Mahn, Franko"]
[Black "Krueger, Ekkehard"]
[Result "1-0"]
[WhiteElo "2169"]
[BlackElo "1813"]
[PlyCount "75"]
[EventDate "2015.08.15"]
[EventType "swiss"]
[EventRounds "9"]
[EventCountry "GER"]
[SourceTitle "EXT 2016"]
[Source "ChessBase"]
[SourceDate "2015.10.08"]
[SourceVersion "1"]
[SourceVersionDate "2015.10.08"]
[SourceQuality "1"]

1. d4 d5 2. c4 c6 3. Nc3 Nf6 4. e3 e6 5. Nf3 Bd6 6. Qc2 Nbd7 7. Bd3 dxc4 8. Bxc4 Nb6 9. Bd3 Nbd5 10. a3 Nxc3 11. bxc3 Qc7 12. 0-0 c5 13. c4 cxd4 14. exd4 h6 15. Re1 0-0 16. Ne5 Nd7 17. Qe2 Bxe5 18. dxe5 f5 19. exf6 Nxf6 20. Bb2 Bd7 21. Rac1 Qf4 22. h3 Rad8 23. Be5 Qh4 24. Bd6 Nh5 25. Bxf8 Nf4 26. Qe3 Rxf8 27. Be4 b6 28. c5 e5 29. Qg3 Qf6 30. c6 Bc8 31. Kh1 Ba6 32. c7 Rc8 33. Qb3+ Kf8 34. Qa4 b5 35. Qb4+ Qe7 36. Bf5 Re8 37. c8Q Bxc8 38. Rxc8 1-0

[Event "Oberliga Nord O 1415"]
[Site "Germany"]
[Date "2015.01.18"]
[Round "5.3"]
[White "Wuttke, Hans"]
[Black "Mahn, Franko"]
[Result "0-1"]
[WhiteElo "2163"]
[BlackElo "2181"]
[PlyCount "74"]
[EventDate "2014.09.21"]
[EventType "team-tourn"]
[EventRounds "9"]
[EventCountry "GER"]
[SourceTitle "EXT 2016"]
[Source "ChessBase"]
[SourceDate "2015.10.08"]
[SourceVersion "1"]
[SourceVersionDate "2015.10.08"]
[SourceQuality "1"]
[WhiteTeam "Potsdam Empor"]
[BlackTeam "Weisse Dame"]
[WhiteTeamCountry "GER"]
[BlackTeamCountry "GER"]

1. c4 e5 2. g3 Nf6 3. Bg2 d5 4. cxd5 Nxd5 5. Nc3 Nb6 6. e3 Nc6 7. Nge2 Be7 8. 0-0 0-0 9. f4 f6 10. b3 Be6 11. f5 Bf7 12. g4 Nd5 13. Ne4 Ndb4 14. N2c3 Nd3 15. h4 Kh8 16. Qf3 a5 17. Qg3 Qd7 18. Kh2 Rab8 19. g5 b5 20. Qg4 a4 21. bxa4 bxa4 22. Bh3 Rb4 23. Qg2 Rc4 24. Rg1 Bh5 25. gxf6 Bxf6 26. Ba3 Rd8 27. Nxf6 gxf6 28. Ne4 Qf7 29. Rad1 Bxd1 30. Rxd1 Rc2 31. Nc3 Ncb4 32. Bxb4 Nxb4 33. Ne4 Nxa2 34. Qe2 Nc1 35. Qf1 Qc4 36. Qxc4 Rxc4 37. Bf1 Rc2 0-1

[Event "Oberliga Nord O 1415"]
[Site "Germany"]
[Date "2014.11.09"]
[Round "3.3"]
[White "Gyorkos, Lajos"]
[Black "Mahn, Franko"]
[Result "1-0"]
[WhiteElo "2351"]
[BlackElo "2181"]
[PlyCount "97"]
[EventDate "2014.09.21"]
[EventType "team-tourn"]
[EventRounds "9"]
[EventCountry "GER"]
[SourceTitle "EXT 2016"]
[Source "ChessBase"]
[SourceDate "2015.10.08"]
[SourceVersion "1"]
[SourceVersionDate "2015.10.08"]
[SourceQuality "1"]
[WhiteTeam "Neuruppin"]
[BlackTeam "Weisse Dame"]
[WhiteTeamCountry "GER"]
[BlackTeamCountry "GER"]

1. Nf3 Nf6 2. g3 b5 3. Bg2 Bb7 4. 0-0 e6 5. d3 Be7 6. e4 d6 7. Na3 a6 8. c4 c6 9. Re1 b4 10. Nc2 c5 11. e5 dxe5 12. Nxe5 Bxg2 13. Kxg2 Qb6 14. Qf3 Ra7 15. Be3 Qb7 16. d4 Qxf3+ 17. Nxf3 cxd4 18. Ncxd4 Rc7 19. Bf4 Rc8 20. Rad1 Nh5 21. Bxb8 Rxb8 22. Re5 Nf6 23. Ra5 Rc8 24. Rxa6 0-0 25. Nc6 Bc5 26. Nfe5 Rc7 27. Nd3 Rd7 28. Nce5 Rd4 29. Re1 Bd6 30. b3 h5 31. Re2 Ne4 32. Nf3 Rxd3 33. Rxe4 Rd8 34. Rd4 Rxd4 35. Nxd4 Bc5 36. Nf3 f6 37. Rxe6 Ra8 38. Re2 Kf7 39. Rd2 Ke6 40. Rd5 Bf8 41. Nd4+ Kf7 42. c5 Ra5 43. Rd7+ Ke8 44. c6 Rc5 45. Rb7 Bd6 46. Rxb4 Be5 47. Ne6 Rxc6 48. Nxg7+ Kf7 49. Nxh5 1-0

[Event "Berlin Lichtenberger op 12th"]
[Site "Berlin"]
[Date "2013.08.25"]
[Round "9"]
[White "Jaeger, Andre"]
[Black "Mahn, Franko"]
[Result "0-1"]
[WhiteElo "2005"]
[BlackElo "2172"]
[PlyCount "66"]
[EventDate "2013.08.17"]
[EventType "swiss"]
[EventRounds "9"]
[EventCountry "GER"]
[SourceTitle "CBM 156 Extra"]
[Source "ChessBase"]
[SourceDate "2013.10.22"]
[SourceVersion "1"]
[SourceVersionDate "2013.10.22"]
[SourceQuality "1"]

1. d4 c5 2. d5 Nf6 3. Nc3 d6 4. e4 g6 5. Be2 Bg7 6. h3 0-0 7. Nf3 Na6 8. 0-0 Nc7 9. a4 b6 10. Nd2 a6 11. f4 Rb8 12. Nc4 b5 13. Na5 Bd7 14. e5 Nfe8 15. axb5 axb5 16. Be3 dxe5 17. Bxc5 Nd6 18. Nc6 Bxc6 19. dxc6 exf4 20. Ba7 Ra8 21. Bb6 Qb8 22. Bxc7 Rxa1 23. Qxa1 Qxc7 24. Nd5 Qd8 25. Rd1 e6 26. Nxf4 Qb6+ 27. Kh1 Qxc6 28. Qa5 Nc4 29. Bxc4 Qxc4 30. Qd2 Bh6 31. g3 e5 32. b3 Qc8 33. Nxg6 Qxh3+ 0-1

[Event "Berlin Lichtenberger op 12th"]
[Site "Berlin"]
[Date "2013.08.24"]
[Round "8"]
[White "Mahn, Franko"]
[Black "Witte, Ronald"]
[Result "1/2-1/2"]
[WhiteElo "2172"]
[BlackElo "2040"]
[PlyCount "28"]
[EventDate "2013.08.17"]
[EventType "swiss"]
[EventRounds "9"]
[EventCountry "GER"]
[SourceTitle "CBM 156 Extra"]
[Source "ChessBase"]
[SourceDate "2013.10.22"]
[SourceVersion "1"]
[SourceVersionDate "2013.10.22"]
[SourceQuality "1"]

1. d4 d5 2. c4 e6 3. Nc3 Nf6 4. Bg5 c6 5. e3 Be7 6. Nf3 Nbd7 7. Qc2 0-0 8. Rd1 Re8 9. a3 Nh5 10. Bxe7 Qxe7 11. Bd3 g6 12. cxd5 exd5 13. 0-0 Ndf6 14. h3 Ne4 1/2-1/2

[Event "Berlin Lichtenberger op 12th"]
[Site "Berlin"]
[Date "2013.08.23"]
[Round "7"]
[White "Giemsa, Stephan"]
[Black "Mahn, Franko"]
[Result "1-0"]
[WhiteElo "2312"]
[BlackElo "2172"]
[PlyCount "87"]
[EventDate "2013.08.17"]
[EventType "swiss"]
[EventRounds "9"]
[EventCountry "GER"]
[SourceTitle "CBM 156 Extra"]
[Source "ChessBase"]
[SourceDate "2013.10.22"]
[SourceVersion "1"]
[SourceVersionDate "2013.10.22"]
[SourceQuality "1"]

1. d4 e6 2. c4 Nf6 3. g3 c5 4. d5 exd5 5. cxd5 d6 6. Nc3 g6 7. Bg2 Bg7 8. Nf3 0-0 9. 0-0 Re8 10. Nd2 a6 11. a4 Nbd7 12. Ra2 Rb8 13. a5 b5 14. axb6 Nxb6 15. b3 Qc7 16. Bb2 Bb7 17. e4 Bc8 18. Qc2 Re7 19. Nd1 Bd7 20. Ne3 Bb5 21. Rc1 Qd8 22. Ndc4 Nc8 23. e5 Nd7 24. exd6 Re8 25. Bxg7 Kxg7 26. Na5 Nxd6 27. Nc6 Qf6 28. Nxb8 Rxb8 29. Qc3 Ne5 30. f4 Nd3 31. Qxf6+ Kxf6 32. Rd1 h5 33. Bf1 Nb4 34. Raa1 Re8 35. Nc4 Bxc4 36. Bxc4 Re3 37. Re1 Nxc4 38. bxc4 Rc3 39. Rac1 Rb3 40. Rcd1 Nc2 41. Re8 Nd4 42. d6 Rb2 43. Rxd4 cxd4 44. d7 1-0

[Event "Berlin Lichtenrade op 04th"]
[Site "Berlin"]
[Date "2008.10.21"]
[Round "4"]
[White "Mahn, Franko"]
[Black "Jaeger, Andre"]
[Result "1/2-1/2"]
[WhiteElo "2167"]
[BlackElo "2028"]
[PlyCount "44"]
[EventDate "2008.10.18"]
[EventType "swiss"]
[EventRounds "9"]
[EventCountry "GER"]
[SourceTitle "CBM 126 Extra"]
[Source "ChessBase"]
[SourceDate "2008.11.05"]
[SourceVersion "1"]
[SourceVersionDate "2008.11.05"]
[SourceQuality "1"]

1. d4 Nf6 2. Nf3 g6 3. c4 d6 4. Nc3 Bg7 5. g3 0-0 6. Bg2 Nbd7 7. 0-0 e5 8. e4 c6 9. h3 exd4 10. Nxd4 Qb6 11. Nde2 Qb4 12. b3 Ne8 13. Qc2 Nc5 14. Be3 f5 15. Nd4 Nxe4 16. Nxe4 fxe4 17. Qxe4 d5 18. cxd5 Bf5 19. Nxf5 Qxe4 20. Bxe4 gxf5 21. Bf3 Bxa1 22. Rxa1 Nf6 1/2-1/2

[Event "Berlin Lichtenrade op 04th"]
[Site "Berlin"]
[Date "2008.10.20"]
[Round "3"]
[White "Knopf, Roland"]
[Black "Mahn, Franko"]
[Result "0-1"]
[WhiteElo "1940"]
[BlackElo "2167"]
[PlyCount "56"]
[EventDate "2008.10.18"]
[EventType "swiss"]
[EventRounds "9"]
[EventCountry "GER"]
[SourceTitle "CBM 126 Extra"]
[Source "ChessBase"]
[SourceDate "2008.11.05"]
[SourceVersion "1"]
[SourceVersionDate "2008.11.05"]
[SourceQuality "1"]

1. d4 Nf6 2. Nf3 g6 3. Bg5 Bg7 4. Nbd2 d5 5. e3 0-0 6. Bd3 c6 7. h3 Nbd7 8. c3 Re8 9. 0-0 Qb6 10. Rb1 e5 11. dxe5 Nxe5 12. Nxe5 Rxe5 13. Nf3 Re8 14. Bf4 Ne4 15. Qc2 Nc5 16. Ne1 Nxd3 17. Nxd3 Bf5 18. g4 Bd7 19. Qa4 Re4 20. Qa3 Bf8 21. Bd6 Bxg4 22. Bxf8 Rxf8 23. Nc5 Bxh3 24. Nxe4 dxe4 25. Rfd1 Qb5 26. Qd6 Bg4 27. Rd2 Bf3 28. Qf6 Qh5 0-1

[Event "Berlin Lichtenrade op 04th"]
[Site "Berlin"]
[Date "2008.10.18"]
[Round "1"]
[White "Kreuchauf, Olaf"]
[Black "Mahn, Franko"]
[Result "0-1"]
[WhiteElo "1779"]
[BlackElo "2167"]
[PlyCount "80"]
[EventDate "2008.10.18"]
[EventType "swiss"]
[EventRounds "9"]
[EventCountry "GER"]
[SourceTitle "CBM 126 Extra"]
[Source "ChessBase"]
[SourceDate "2008.11.05"]
[SourceVersion "1"]
[SourceVersionDate "2008.11.05"]
[SourceQuality "1"]

1. f4 g6 2. Nf3 Bg7 3. d3 d5 4. g3 Nh6 5. Nc3 c6 6. Bg2 Qb6 7. Na4 Qa5+ 8. c3 Nd7 9. b4 Qc7 10. d4 0-0 11. 0-0 Nf6 12. Bd2 Nf5 13. Ng5 Nd6 14. Nc5 Bf5 15. Nh3 a5 16. bxa5 Nc4 17. e4 dxe4 18. Rb1 e3 19. Rxb7 Qc8 20. Ng5 Bg4 21. Qa4 Nxd2 22. Re1 h6 23. Nxf7 Rxf7 24. Bxc6 Bf3 25. Bd7 Nxd7 26. Rxd7 Bc6 27. Rd8+ Qxd8 28. Qxc6 Rc8 29. Qg2 Nc4 30. a6 e5 31. Nb7 Qb6 32. Qh3 Rcf8 33. Qf1 Nd2 34. Qe2 exd4 35. cxd4 Qc6 36. Rd1 Bxd4 37. Na5 Qe4 38. h3 Nf3+ 39. Kf1 Kg7 40. Nb3 Ba7 0-1

[Event "Berlin Unicorn op"]
[Site "Berlin"]
[Date "2008.05.01"]
[Round "3"]
[White "Mahn, Franko"]
[Black "Mirke, Roy"]
[Result "1-0"]
[WhiteElo "2122"]
[BlackElo "1776"]
[PlyCount "51"]
[EventDate "2008.04.30"]
[EventType "swiss"]
[EventRounds "7"]
[EventCountry "GER"]
[SourceTitle "CBM 124 Extra"]
[Source "ChessBase"]
[SourceDate "2008.07.03"]
[SourceVersion "1"]
[SourceVersionDate "2008.07.03"]
[SourceQuality "1"]

1. d4 Nf6 2. c4 e6 3. Nf3 d5 4. Bg5 Nbd7 5. e3 c6 6. a3 Qa5+ 7. Nbd2 Ne4 8. b4 Qc7 9. Nxe4 dxe4 10. Nd2 f5 11. c5 g6 12. Qb3 Kf7 13. f3 exf3 14. Nxf3 Bg7 15. Bf4 Qd8 16. Ng5+ Ke8 17. Qxe6+ Qe7 18. Bd6 Qxe6 19. Nxe6 Kf7 20. Bc4 b5 21. Bb3 Kf6 22. 0-0 a5 23. e4 axb4 24. e5+ Nxe5 25. dxe5+ Kf7 26. Nc7+ 1-0

[Event "Bayern-chI Bank Hofmann 11th"]
[Site "Bad Wiessee"]
[Date "2007.11.17"]
[Round "8"]
[White "Rogobete, Nikolas Johann"]
[Black "Mahn, Franko"]
[Result "1-0"]
[WhiteElo "2269"]
[BlackElo "2146"]
[PlyCount "59"]
[EventDate "2007.11.10"]
[EventType "swiss"]
[EventRounds "9"]
[EventCountry "GER"]
[SourceTitle "CBM 121 Extra"]
[Source "ChessBase"]
[SourceDate "2008.01.10"]
[SourceVersion "1"]
[SourceVersionDate "2008.01.10"]
[SourceQuality "1"]

1. e4 d5 2. exd5 Qxd5 3. Nc3 Qa5 4. g3 e5 5. Bg2 Nf6 6. d3 c6 7. Nf3 Bg4 8. h3 Bxf3 9. Qxf3 Nbd7 10. 0-0 Bd6 11. a3 0-0 12. Bd2 Qc7 13. b4 a6 14. Na4 Rfe8 15. Rfe1 Nf8 16. Be3 Nd5 17. Bd2 Ne6 18. c3 Rad8 19. Nb2 Qb8 20. h4 Be7 21. Re4 Bd6 22. Rae1 Bc7 23. Bh3 Nf8 24. h5 Nf6 25. R4e2 e4 26. dxe4 Nxe4 27. Rxe4 Rxe4 28. Rxe4 Rxd2 29. Re7 f6 30. h6 1-0

[Event "Bayern-chI Bank Hofmann 11th"]
[Site "Bad Wiessee"]
[Date "2007.11.13"]
[Round "4"]
[White "Schneider Zinner, Harald"]
[Black "Mahn, Franko"]
[Result "1-0"]
[WhiteElo "2330"]
[BlackElo "2146"]
[PlyCount "45"]
[EventDate "2007.11.10"]
[EventType "swiss"]
[EventRounds "9"]
[EventCountry "GER"]
[SourceTitle "CBM 121 Extra"]
[Source "ChessBase"]
[SourceDate "2008.01.10"]
[SourceVersion "1"]
[SourceVersionDate "2008.01.10"]
[SourceQuality "1"]

1. d4 Nf6 2. c4 c5 3. Nf3 cxd4 4. Nxd4 e5 5. Nb5 d5 6. cxd5 Bc5 7. N5c3 Qb6 8. e3 0-0 9. Nd2 Bf5 10. Be2 Nbd7 11. a3 a5 12. Qa4 Rfe8 13. g4 Bxe3 14. fxe3 Nc5 15. Qb5 Nd3+ 16. Bxd3 Qxe3+ 17. Be2 Nxg4 18. Nde4 Qd4 19. Qd3 Rac8 20. Qxd4 exd4 21. Nd6 dxc3 22. Nxe8 Rxe8 23. bxc3 1-0

[Event "Berlin tt 0001"]
[Site "Berlin"]
[Date "2001.02.04"]
[Round "11.1"]
[White "Steinert, Marc"]
[Black "Mahn, Franko"]
[Result "1-0"]
[WhiteElo "2216"]
[BlackElo "2116"]
[PlyCount "131"]
[EventDate "2000.10.22"]
[EventType "team"]
[EventRounds "11"]
[EventCountry "GER"]
[SourceTitle "EXT 2007"]
[Source "ChessBase"]
[SourceDate "2006.11.23"]
[SourceVersion "1"]
[SourceVersionDate "2006.11.23"]
[SourceQuality "1"]

1. d4 Nf6 2. c4 c5 3. d5 b5 4. cxb5 a6 5. f3 axb5 6. e4 Qa5+ 7. Bd2 b4 8. Na3 d6 9. Nc4 Qa7 10. a4 g6 11. Ne2 Nbd7 12. b3 Bg7 13. Rc1 Nb6 14. Nf4 Ba6 15. Nxb6 Qxb6 16. Bxa6 Rxa6 17. Qe2 Nd7 18. 0-0 c4+ 19. Be3 Bd4 20. Bxd4 Qxd4+ 21. Kh1 Nb6 22. bxc4 Rxa4 23. c5 Nd7 24. Qb5 Ra8 25. cxd6 Qe5 26. Qb7 Rd8 27. dxe7 Qxe7 28. Nd3 0-0 29. Qxb4 Qh4 30. Rc4 Rb8 31. Qd6 Rb3 32. Qxd7 Rxd3 33. Rcc1 Rd2 34. Qd6 Ra8 35. Qg3 Qxg3 36. hxg3 Raa2 37. Rg1 Kf8 38. Rcd1 Rdc2 39. d6 Ke8 40. e5 Kd7 41. f4 h5 42. Rc1 Rd2 43. Rc7+ Ke8 44. Kh2 Kf8 45. Kh3 Ra3 46. Kh4 Rdd3 47. g4 Rg3 48. gxh5 gxh5 49. e6 fxe6 50. Rb1 Rgb3 51. Rxb3 Rxb3 52. Kxh5 Rd3 53. Rd7 Rg3 54. Re7 Rxg2 55. Rxe6 Kf7 56. f5 Rg1 57. Rg6 Rd1 58. Kg5 Rg1+ 59. Kf4 Re1 60. Rh6 Re2 61. Rh3 Rd2 62. Ke5 Re2+ 63. Kd5 Rd2+ 64. Kc6 Rc2+ 65. Kd7 Rd2 66. Re3 1-0